Dinámica de sistemas (Registro nro. 10837)

000 -CABECERA
Campo de control de longitud fija 01894nam a22003377a 4500
003 - IDENTIFICADOR DEL NÚMERO DE CONTROL
Campo de control OSt
005 - FECHA Y HORA DE LA ÚLTIMA TRANSACCIÓN
Campo de control 20260413163807.0
008 - CÓDIGOS DE INFORMACIÓN DE LONGITUD FIJA
Campo de control de longitud fija 260413t2020 xxu||||| |||| 00| 0 spa d
020 ## - NÚMERO INTERNACIONAL NORMALIZADO PARA LIBROS (ISBN)
Número Internacional Normalizado para Libros (ISBN) 9789585142107
020 ## - NÚMERO INTERNACIONAL NORMALIZADO PARA LIBROS (ISBN)
Número Internacional Normalizado para Libros (ISBN) 9789585142695
040 ## - FUENTE DE LA CATALOGACIÓN
Centro catalogador de origen Unicoc
Lengua de catalogación spa
Centro que cataloga Bogotá (Dr. David Ordóñez Rueda) - Campus Norte
Centro modificador Bogotá (Dr. David Ordóñez Rueda) - Campus Norte
082 ## - NÚMERO DE LA CLASIFICACIÓN DECIMAL DEWEY
Número de clasificación 003.3
100 ## - PUNTO DE ACCESO PRINCIPAL - NOMBRE DE PERSONA
9 (RLIN) 12918
Nombre de persona Cadenas Anaya, Carmelina
245 ## - MENCIÓN DE TÍTULO
Título Dinámica de sistemas
Subtitulo o Resto del título : Una metodología para la construcción de modelos de toma de decisiones en sectores agroindustriales
Mención de responsabilidad etc. / Carmelina Cadenas Anaya, Wilfredo Guaita
250 ## - MENCIÓN DE EDICIÓN
Mención de edición 1 Ed.
260 ## - PUBLICATION, DISTRIBUTION, ETC. (IMPRINT)
Lugar de publicación distribución etc. Bogotá :
Nombre del editor distribuidor etc. Politécnico Grancolombiano ,
Fecha de publicación distribución etc. 2020
300 ## - DESCRIPCIÓN FÍSICA
Extensión 240 páginas
Otras características físicas Diagramas, Tablas, gráficas
500 ## - NOTA GENERAL
Nota general Incluye Referencias bibliográficas
505 ## - NOTA DE CONTENIDO CON FORMATO
Título Capítulo 1. Sistemas, modelos y simulación. --
-- Capítulo 2. Identificación de un comportamiento interesante desde la perspectiva sistémica. --
-- Capítulo 3. Articulación del problema (Boundary Selection). --
-- Capítulo IV. Estructuración del esquema inicial del modelo. --
-- Capítulo V. Formulación del modelo de simulación. --
-- Capítulo VI. Prueba de validación del modelo. --
-- Capítulo VII. Softwares de simulación. --
-- Capítulo VIII. Casos prácticos.
526 ## - NOTA DE INFORMACIÓN SOBRE EL PROGRAMA DE ESTUDIO
Institución que aplica el campo Unicoc
546 ## - NOTA DE LENGUA
Nota de lengua Español
650 #0 - PUNTO DE ACCESO ADICIONAL DE MATERIA - TÉRMINO DE MATERIA
9 (RLIN) 12920
Término de materia o nombre geográfico como elemento inicial Industria agrícola
Subdivisión de materia general Toma de decisiones
650 #0 - PUNTO DE ACCESO ADICIONAL DE MATERIA - TÉRMINO DE MATERIA
9 (RLIN) 12917
Término de materia o nombre geográfico como elemento inicial Sistemas dinámicos
Subdivisión de materia general Aplicaciones empresariales
650 #0 - PUNTO DE ACCESO ADICIONAL DE MATERIA - TÉRMINO DE MATERIA
9 (RLIN) 6432
Término de materia o nombre geográfico como elemento inicial Administración de proyectos agroindustriales.
650 #0 - PUNTO DE ACCESO ADICIONAL DE MATERIA - TÉRMINO DE MATERIA
9 (RLIN) 12921
Término de materia o nombre geográfico como elemento inicial Agroindustria
Subdivisión de materia general Diseño de sistemas
658 #0 - TÉRMINO DE INDIZACIÓN - OBJETIVO CURRICULAR
9 (RLIN) 8260
Programa Académico Programa de Ingeniería Industrial
658 #0 - TÉRMINO DE INDIZACIÓN - OBJETIVO CURRICULAR
9 (RLIN) 8382
Programa Académico Programa de Administración de Empresas
700 ## - PUNTO DE ACCESO ADICIONAL - NOMBRE DE PERSONA
9 (RLIN) 12919
Nombre de persona Guaita, Wilfredo
856 ## - LOCALIZACIÓN Y ACCESO ELECTRÓNICOS
Texto del enlace Acceso online exclusivo para comunidad Unicoc.
Identificador Uniforme del Recurso (URI) https://unicoceduco-my.sharepoint.com/:b:/g/personal/direccionbiblioteca_unicoc_edu_co/IQAVY6zwUDGfSrKfPAwUGTWcAY_kjiBX95sIYTFTroh0kiU
942 ## - ENTRADA PARA ELEMENTOS AGREGADOS (KOHA)
Fuente de clasificación o esquema de ordenación en estanterías
Koha [por defecto] tipo de item Libro electrónico
Existencias
Estado de pérdida Fuente de adquisición Fecha última consulta Estropeado Localización permanente Código de barras Fecha de adquisición Signatura completa Fuente de clasificación o esquema de ordenación en estanterías Código de colección Localización actual Tipo de item de Koha Fecha del precio de reemplazo Precio No para préstamo
 Compra2026-04-13 Bogotá (Dr. David Ordóñez Rueda) - Campus NorteEbook108372026-04-13003.3 Coleccion OnlineBogotá (Dr. David Ordóñez Rueda) - Campus NorteLibro electrónico2026-04-13200000.00 

© 2014 UNICOC | Institución Universitaria Colegios de Colombia - UNICOC
Bogotá D.C. Autopista Norte Km. 20. Teléfono:(571)6683535
Cali: Calle 13 Norte No. 3N-13. Teléfono: (572)6608887

Con tecnología de Koha